<The> Quality of Macro-environment and Business Environment and University Student Entrepreneuership - Comparison of the Czech and Slovak Republic

Analýza predpokladov študentov vysokých škôl pre podnikanie v súvislosti s hodnotením kvality makro-životného prostredia a podnikateľského prostredia.

Gespeichert in:
Bibliographische Detailangaben
1. Verfasser: Dvorský, Ján
Weitere Verfasser: Čepel, Martin, Sopková, Gabriela, Kotásková, Anna
Format: Buchkapitel
Sprache:Englisch
Schlagworte:
Tags: Tag hinzufügen
Keine Tags, Fügen Sie das erste Tag hinzu!

MARC

LEADER 00000nla a2200000 4500
001 0240640
005 20240502083645.4
041 0 |a eng 
044 |a CZ 
245 1 0 |a <The> Quality of Macro-environment and Business Environment and University Student Entrepreneuership - Comparison of the Czech and Slovak Republic  |c Ján Dvorský, Martin Čepel, Gabriela Sopková, Anna Kotásková 
520 |a Analýza predpokladov študentov vysokých škôl pre podnikanie v súvislosti s hodnotením kvality makro-životného prostredia a podnikateľského prostredia. 
610 2 0 |a prostredie podnikateľské 
610 2 0 |a podnikanie 
610 2 0 |a študenti 
610 2 0 |a školy vysoké 
610 2 0 |a analýza komparatívna 
610 2 0 |a Slovensko 
610 2 0 |a Česko 
100 1 |a Dvorský, Ján 
700 1 |a Čepel, Martin 
700 1 |a Sopková, Gabriela 
700 1 |a Kotásková, Anna